[Event "Urals-ch 72nd"]
[Site "Tiumen"]
[Date "2014.03.23"]
[Round "4"]
[White "Lushnikov, Sergej"]
[Black "Khalturin, Nikolai"]
[Result "1-0"]
[WhiteElo "1812"]
[BlackElo "1753"]
[PlyCount "69"]
[EventDate "2014.03.20"]
[EventType "swiss"]
[EventRounds "9"]
[EventCountry "RUS"]
[SourceTitle "CBM 159 Extra"]
[Source "ChessBase"]
[SourceDate "2014.04.24"]
[SourceVersion "1"]
[SourceVersionDate "2014.04.24"]
[SourceQuality "1"]

1. e4 c6 2. d4 d5 3. f3 e6 4. Nc3 Nf6 5. e5 Nfd7 6. f4 Be7 7. Nf3 c5 8. Be3 Nc6 9. Be2 Qb6 10. Rb1 cxd4 11. Bxd4 Nxd4 12. Nxd4 0-0 13. Bf3 Bb4 14. Qd2 Qa5 15. Nb3 Qc7 16. 0-0 Nc5 17. Nxd5 exd5 18. Qxb4 Nxb3 19. Qxb3 Bf5 20. Rbc1 Rfd8 21. Rfd1 Be6 22. Rd4 Qc5 23. c3 Rd7 24. Rcd1 b6 25. Kh1 Rad8 26. R1d2 h6 27. Qc2 g6 28. g4 f5 29. exf6 Bf7 30. c4 Rd6 31. Bxd5 Bxd5+ 32. Rxd5 Rxd5 33. Qxg6+ Kf8 34. Qg7+ Ke8 35. Re2+ 1-0